| 000 | 00690nam a2200229Ia 4500 | ||
|---|---|---|---|
| 003 | OSt | ||
| 005 | 20220927105359.0 | ||
| 006 | a|||||r|||| 00| 0 | ||
| 007 | ta | ||
| 008 | 220926b |||||||| |||| 00| 0 eng d | ||
| 024 | _a194204 | ||
| 037 | _cReference Collections | ||
| 040 |
_aRTL _cRTL _beng |
||
| 041 |
_2eng _aeng |
||
| 082 | _a"X:93.2N486, GD" | ||
| 100 |
_a"INDIA, LABOUR BUREAU" _9350944 |
||
| 245 | 0 | _a"Report on the working of the minimum wages act,1948 for the year 2008" | |
| 260 |
_a"Chandigarh," _bMOP _c2010 |
||
| 300 |
_a"xvii, 76p." _ccm. |
||
| 942 |
_h"X:93.2N486, GD" _cCC |
||
| 999 |
_c692230 _d692230 |
||